000 00323nam a22001457a 4500
008 211012b ||||| |||| 00| 0 eng d
020 _a0393953475
041 _aeng
080 _a371
082 _a371
100 _a46
101 _aEDU
245 _aWriting Research Paper A Norton Guide
_cWalker,M
942 _2udc
_cBK
999 _c58181
_d58181